Obra recent sobre paper (Record no. 187459)

MARC details
000 -LEADER
campo de control de longitud fija 00802nam a2200205 i 4500
001 - NÚMERO DE CONTROL
campo de control 187459
003 - IDENTIFICADOR DE NÚMERO DE CONTROL
campo de control ES-MaACL
005 - FECHA Y HORA DE LA ÚLTIMA TRANSACCIÓN
campo de control 20230906222930.0
008 - DATOS DE LONGITUD FIJA--INFORMACIÓN GENERAL
campo de control de longitud fija 170705s1989 sp a c |||| | cat d
245 00 - MENCIÓN DEL TÍTULO
Título Obra recent sobre paper
Resto del título : A. Gonzalo, Lamazares, Lindström, J.L. Pascual, M. Planas, Paco Simon, Carlos Velilla, Viladecans : [exposición] maig-[juny] 1989, Sala Gaspar.
260 ## - PUBLICACIÓN, DISTRIBUCIÓN, ETC.
Lugar de publicación, distribución, etc. Barcelona :
Nombre del editor, distribuidor, etc. Sala Gaspar :
-- Danés,
Fecha de publicación, distribución, etc. [1989]
300 ## - DESCRIPCIÓN FÍSICA
Extensión [68] p. :
Otras características físicas todas il. col. y n. ;
Dimensiones 23 cm.
650 #4 - PUNTO DE ACCESO ADICIONAL DE MATERIA--TÉRMINO DE MATERIA
Término de materia o nombre geográfico como elemento de entrada Pintura-
Subdivisión geográfica Cataluña-
Subdivisión cronológica S.XX-
Subdivisión de forma Exposiciones.
9 (RLIN) 148194
650 04 - PUNTO DE ACCESO ADICIONAL DE MATERIA--TÉRMINO DE MATERIA
Término de materia o nombre geográfico como elemento de entrada Pintura-
Subdivisión cronológica S.XX-
Subdivisión de forma Exposiciones.
9 (RLIN) 16011
655 #7 - TERMINO DE INDIZACIÓN--GENERO/FORMA
Fuente del término tgfbne
9 (RLIN) 193628
Datos o término principal de género/forma Catálogos de exposiciones
710 2# - ENTRADA AGREGADA--NOMBRE DE ENTIDAD CORPORATIVA
Nombre de entidad corporativa o nombre de jurisdicción como elemento de entrada Sala Gaspar.
9 (RLIN) 6478
852 ## - LOCALIZACIÓN
Ubicación ES-MaACL
Número de control de estantería L-31784
942 ## - ELEMENTOS DE ENTRADA SECUNDARIOS (KOHA)
Fuente del sistema de clasificación o colocación Clasificación decimal universal
Holdings
Estatus retirado Estado de pérdida Estado de daño No para préstamo Biblioteca de origen Biblioteca actual Ubicación en estantería Fecha de adquisición Fuente de adquisición Total de préstamos Signatura topográfica completa Código de barras Visto por última vez Precio de reemplazo Tipo de ítem Koha
        Biblioteca del Ateneo de Madrid Biblioteca del Ateneo de Madrid Depósito 2 05/07/2017     L-31784 1197886 23/02/2023 23/02/2023 Libro impreso